header

The black box of governmental learning (Record no. 80241)

MARC details
000 -LEADER
fixed length control field 01464nam a2200361Ia 4500
082 04 - DEWEY DECIMAL CLASSIFICATION NUMBER
Classification number 352.6/69
100 1# - MAIN ENTRY--AUTHOR NAME
Personal name Blindenbacher, Raoul.
245 14 - TITLE STATEMENT
Title The black box of governmental learning
260 ## - PUBLICATION, DISTRIBUTION, ETC. (IMPRINT)
Place of publication Washington, D.C. :
Name of publisher World Bank,
Year of publication 2010.
300 ## - PHYSICAL DESCRIPTION
Number of Pages xx, 183 p. :
Other physical details ill.
650 #0 - SUBJECT ADDED ENTRY--TOPICAL TERM
Topical Term Public administration
Topical Term Organizational learning.
Topical Term Active learning.
Topical Term Government executives
700 1# - ADDED ENTRY--PERSONAL NAME
Personal name Nashat, Bidjan,
856 40 - ELECTRONIC LOCATION AND ACCESS
Uniform Resource Identifier http://site.ebrary.com/lib/rucke/Doc?id=10408460

No items available.

© 2026 Rongo University
Contact us: librarian | system librarian | Rongo university